Spotrebitelia v prostredí Európskej únie
Práva spotrebiteľov. Spotrebiteľská politika Európskej únie. Spotrebiteľský Eurobarometer realizovaný vo všetkých 27 členských krajinách. Slovenskí spotrebitelia nepoznajú svoje práva. Mimovládne spotrebiteľské organizácie, ktoré majú ochraňovať a informovať spotrebiteľov.
Salvato in:
| Autore principale: | |
|---|---|
| Natura: | Capitolo di libro |
| Lingua: | slovacco |
| Soggetti: | |
| Tags: |
Nessun Tag, puoi essere il primo ad aggiungerne!!
|
MARC
| LEADER | 00000naa$a2200000$$$4500 | ||
|---|---|---|---|
| 001 | 0073513 | ||
| 005 | 20240522075136.1 | ||
| 041 | 0 | |a slo | |
| 044 | |a SK | ||
| 245 | 1 | 0 | |a Spotrebitelia v prostredí Európskej únie |c Martina Mráziková |
| 520 | |a Práva spotrebiteľov. Spotrebiteľská politika Európskej únie. Spotrebiteľský Eurobarometer realizovaný vo všetkých 27 členských krajinách. Slovenskí spotrebitelia nepoznajú svoje práva. Mimovládne spotrebiteľské organizácie, ktoré majú ochraňovať a informovať spotrebiteľov. | ||
| 610 | 2 | 0 | |a spotrebitelia |
| 610 | 2 | 0 | |a právo |
| 610 | 2 | 0 | |a ochrana spotrebiteľa |
| 610 | 2 | 0 | |a obchod |
| 610 | 2 | 0 | |a organizácie |
| 610 | 2 | 0 | |a prieskum spotrebiteľský |
| 610 | 2 | 0 | |a Európska únia |
| 100 | 1 | |a Mráziková, Martina | |